| 000 | 00544nam a2200169Ia 4500 | ||
|---|---|---|---|
| 008 | 110201s9999 xx 000 0 und d | ||
| 082 |
_bB7868 _aKS 1171 |
||
| 100 | _aप्रभावळकर दिलीप | ||
| 245 | _aनवी गुगली | ||
| 260 | _bराजहंस प्रकाशन | ||
| 365 | _b60 | ||
| 600 | _aप्रभावळकर दिलीप | ||
| 630 | _aनवी गुगली | ||
| 700 | _aप्रभावळकर दिलीप | ||
| 730 | _aनवी गुगली | ||
| 942 | _cBOOK | ||
| 999 |
_c833371 _d833368 |
||